|
|
|
|
| LEADER |
00000nam a2200000 4500 |
| 001 |
vtls012277748 |
| 003 |
SK-MaSNL |
| 005 |
20260301061124.0 |
| 008 |
250609s1835 hu f 000 0 cze |
| 015 |
|
|
|a SNBHFA
|
| 040 |
|
|
|a SNKHF
|b slo
|c SNKHF
|e rda
|
| 041 |
0 |
|
|a cze
|
| 044 |
|
|
|a hu
|c HU
|
| 072 |
|
7 |
|a 34
|x Právo
|2 konspekt
|
| 080 |
|
|
|a 34
|2 2011
|
| 080 |
|
|
|a (094.5)
|2 2011
|
| 130 |
0 |
|
|a Urberi Törvény Czikkelyek
|9 373586
|
| 245 |
1 |
0 |
|a 1836-dik Esztendei Urberi Törvény Czikkelyek. 1836-ho roku Urbárske Zákonné Článki
|
| 264 |
|
3 |
|a W Buďíňe
|b Literami Královskej Universit. Ťiskárňe
|c [1835]
|
| 300 |
|
|
|a 1 nečíslovaný list, XII, XII, 54 strán
|b tabuľky
|c 2°
|c 38 x 24 cm
|
| 336 |
|
|
|a text
|b txt
|2 rdacontent
|
| 337 |
|
|
|a bez média
|b n
|2 rdamedia
|
| 338 |
|
|
|a zväzok
|b nc
|2 rdacarrier
|
| 500 |
|
|
|a Signet, vinety, vlysy, ilustrácia na titulnom liste, text písaný v dvoch stĺpcoch
|
| 546 |
|
|
|a Čeština
|b Kurzíva
|
| 561 |
|
|
|a Proveniencia: Okrúhla pečiatka Knihoveň Matice Slovenskej.
|5 SNK 92/7
|
| 563 |
|
|
|a Väzba: papierová.
|5 SNK SA 92/7
|
| 563 |
|
|
|a Väzba: papierová.
|5 SNK SA 92/7 D1
|
| 650 |
0 |
7 |
|a právo
|2 SNKPH
|9 976
|
| 655 |
|
7 |
|a zákony
|2 SNKPH
|9 70186
|
| 710 |
2 |
|
|a Kráľovská univerzitná tlačiareň (Budapešť, Maďarsko)
|4 prt
|9 265812
|
| 752 |
|
|
|a Maďarsko
|d Budapešť
|
| 852 |
|
|
|a snk
|b Historické fondy
|p SA 92/7
|
| 852 |
|
|
|a snk
|b Historické fondy
|p SA 92/7 D1
|
| 958 |
|
|
|a DF
|
| 958 |
|
|
|a ONDV
|
| 999 |
|
|
|c 616862
|d 618792
|
| 952 |
|
|
|a SNK
|b SNK
|y PREZ
|7 0
|p 17A0478985
|o snkSA 92/7 D1
|i snkK 3804/66
|8 3
|0 0
|1 0
|4 0
|d 2011-11-02
|l 0
|r 2026-02-23 16:42:17
|w 2026-02-23
|
| 952 |
|
|
|t 1
|a SNK
|b SNK
|c SNK_KF
|y PREZ
|7 8
|p 17A0739715
|o snkSA 92/7
|i snk1770/30
|8 21
|0 0
|1 0
|2 udc
|4 0
|d 2005-07-13
|l 0
|r 2025-01-23 00:00:00
|w 2026-02-23
|